000 01018nam a2200289Ia 4500
003 GCL
008 140319s9999 xx 000 0 ara d
040 _aGCL /
_cGCL
082 0 4 _aق
_b327.62042
_bأ ع
100 1 _aاحمد عبدالرحيم مصطفى
245 1 0 _aالعلاقات المصرية - البريطانية 1936 - 1956 /
_cاحمد عبدالرحيم مصطفى
260 _a[S.N] :
_bمعهد البحوث والدراسات العربية ،
_c1968
300 _a191 ص
490 _aالالف كتاب
_v0
650 0 4 _aمصر
650 0 4 _aتاريخ
650 0 4 _aبريطانيا
650 0 4 _aالسودان
650 0 4 _aالعلاقات الخارجية
650 0 4 _aثورة 23 يوليو 1952
650 0 4 _aالملك فاروق
650 0 4 _aالاعتداء الثلاثى على مصر 1956
650 0 4 _aالاحتلال البريطانى
650 0 4 _aمعاهدة 1936
650 0 4 _aالحرب العالمية الثانية 1939 - 1945
942 _2ddc
_cBK
999 _c28882
_d28882